Sélections en Equipe de France - Statistiques

Statistiques générales
  • Ce quiz a été pris 255 fois
  • Le résultat moyen est 18 sur 30
Statistiques - réponses
Sélections Joueur % Correct
145 Hugo Lloris
98%
117 Antoine Griezmann
97%
120 Olivier Giroud
95%
108 Zinédine Zidane
94%
123 Thierry Henry
89%
93 Raphaël Varane
86%
97 Karim Benzema
83%
142 Lilian Thuram
82%
91 Paul Pogba
82%
103 Didier Deschamps
81%
87 Fabien Barthez
76%
72 Michel Platini
73%
97 Laurent Blanc
72%
97 Bixente Lizarazu
66%
81 Franck Ribéry
65%
116 Marcel Dessailly
60%
107 Patrick Vieira
60%
71 David Trezeguet
58%
84 Blaise Matuidi
57%
82 Youri Djorkaeff
50%
81 Patrice Evra
46%
71 Claude Makelele
38%
79 Robert Pirès
34%
69 Nicolas Anelka
30%
84 William Gallas
26%
92 Sylvain Wiltord
25%
80 Florent Malouda
22%
71 Moussa Sissoko
19%
82 Manuel Amoros
16%
76 Maxime Bossis
7%
Aucun quiz correspondant
Distribution des résultats
% des personnes avec chaque résultat
Percentile par nombre de réponses
Votre historique - résultats
Vous n’avez pas pris ce quiz